01380nam a2200277Ia 450000500170000000800570001702000180007404100080009210000430010024501170014325000230026030000250028349000280030850000520033650503780038852100360076665000400080265000420084265000430088426400410092733600270096833700330099533800280102804000350105608400110109120220317001700.000003022014 ck a g spa spa a9789588894195 aspa1 aGarcía Márquez, Gabrield1928-201410aLa increíble y triste historia de la cándida Eréndira y de su abuela desalmadacGabriel García Márquez aPrimera edición  a146 páginasc23 cm aLiteratura Random House aIncluye datos biográficos del autor en solapa aUn señor muy viejo con unas alas enormes (1968) -- El mar del tiempo perdido (1961) -- El ahogado más hermoso del mundo (1968) -- Muerte constante más allá del amor (1970) -- El último viaje del buque fantasma (1968) -- Blacamán el bueno, vendedor de milagros (1968) -- La increíble y triste historia de la cándida Eréndira y de su abuela desalmada (1972) aRecomendado desde los 15 años142LEMBaCuentos colombianosySiglo XX142LEMBaLiteratura colombianaySiglo XX142LEMBaVida cotidiana en la literatura  aBogotábPenguin Random Housec2014 atextobtxt2rdacontent asin mediaciónbn2rdamedia avolumenbnc2rdacarrier aCO-BoRNBPbspaerdacCO-BoRNBP aC GAR2